000 00311nam a2200109Ia 4500
008 220204s9999 xx 000 0 und d
082 _a030=111=573.14
_bPIL.1-2
100 _aRamalingam Pillai, T
245 0 _aEnglish English Malayalam Dictionary (Malayalam) 2 V
260 _aTrivandrum
_bRS Pillai
942 _cBK
999 _c20389
_d20389